| 000 | 00576nam a2200193 a 4500 | ||
|---|---|---|---|
| 001 | 23564 | ||
| 003 | CO-ViMGA | ||
| 008 | 141112s2004 ck r 000 u spa d | ||
| 020 | _a9789582004651 | ||
| 040 |
_aCO-ViMGA _bspa _cCO-ViMGA |
||
| 082 | 0 | 4 | _a371.9 C673i |
| 100 | 1 |
_aCorrea Alzate, Jorge Ivan _933995 |
|
| 245 | 1 | 0 |
_aIntegracion Escolar para poblacion con necesidades especiales / _cJorge Ivan Correa Alzate |
| 260 |
_aColombia : _bMagisterio |
||
| 300 | _a110p. | ||
| 650 | 1 | 4 |
_aeducación DE NIÑOS _912915 |
| 650 | 1 | 4 |
_aeducación ESPECIAL _921470 |
| 942 |
_2ddc _cBK |
||
| 999 |
_c31684 _d31684 |
||